Eastern Utah Libraries Catalog: Duchesne, Heber, Roosevelt, & Vernal

47 ronin (Record no. 282811)

MARC details
000 -LEADER
fixed length control field 02670cim a2200493Ma 4500
001 - CONTROL NUMBER
control field ocn868198486
003 - CONTROL NUMBER IDENTIFIER
control field OCoLC
005 - DATE AND TIME OF LATEST TRANSACTION
control field 20200320192016.0
007 - PHYSICAL DESCRIPTION FIXED FIELD--GENERAL INFORMATION
fixed length control field sd fungnnmmned
008 - FIXED-LENGTH DATA ELEMENTS--GENERAL INFORMATION
fixed length control field 140103s2013 mnunnnn f n eng d
020 ## - INTERNATIONAL STANDARD BOOK NUMBER
International Standard Book Number 9781622313563
020 ## - INTERNATIONAL STANDARD BOOK NUMBER
International Standard Book Number 1622313569
020 ## - INTERNATIONAL STANDARD BOOK NUMBER
Terms of availability 29.95
028 02 - PUBLISHER NUMBER
Publisher number DD10016
Source Recorded Books
035 ## - SYSTEM CONTROL NUMBER
System control number (OCoLC)868198486
040 ## - CATALOGING SOURCE
Original cataloging agency RECBX
Language of cataloging eng
Transcribing agency RECBX
Modifying agency OCLCO
-- WACOL
049 ## - LOCAL HOLDINGS (OCLC)
Holding library WACL
050 14 - LIBRARY OF CONGRESS CALL NUMBER
Classification number PS3551.L5
Item number F68 2013b
082 04 - DEWEY DECIMAL CLASSIFICATION NUMBER
Classification number 813/.54
Edition number 23
092 ## - LOCALLY ASSIGNED DEWEY CALL NUMBER (OCLC)
Classification number CD
Item number All
100 1# - MAIN ENTRY--PERSONAL NAME
Personal name Allyn, John.
9 (RLIN) 5885890
240 10 - UNIFORM TITLE
Uniform title <a href="Forty-seven ronin story">Forty-seven ronin story</a>
245 10 - TITLE STATEMENT
Title 47 ronin
Medium [sound recording] /
Statement of responsibility, etc John Allyn ; foreword by Stephen Turnbull.
250 ## - EDITION STATEMENT
Edition statement Unabridged.
260 ## - PUBLICATION, DISTRIBUTION, ETC. (IMPRINT)
Place of publication, distribution, etc Minneapolis, MN :
Name of publisher, distributor, etc HighBridge ;
Place of publication, distribution, etc Prince Frederick, MD :
Name of publisher, distributor, etc Distributed by Recorded Books,
Date of publication, distribution, etc p2013.
300 ## - PHYSICAL DESCRIPTION
Extent 6 sound discs (7 hr., 30 min.) :
Other physical details digital ;
Dimensions 4 3/4 in.
500 ## - GENERAL NOTE
General note Compact disc.
500 ## - GENERAL NOTE
General note Title from container.
511 0# - PARTICIPANT OR PERFORMER NOTE
Participant or performer note Read by David Shih.
500 ## - GENERAL NOTE
General note In container (17 cm.).
520 ## - SUMMARY, ETC.
Summary, etc In 1701, young Lord Asano is goaded into attacking a corrupt official at the Japanese Court. Although the wound Asano inflicts is minimal, the Emperor's punishment is harsh: Lord Asano is ordered to commit seppuku, or ritual suicide. His lands are confiscated and his family is dishonored and exiled. His samurai retainers now become ronin, or masterless, and are dispersed. These ronin are not trusted by their enemies, and live under the watchful eyes of spies for months. They appear to adapt to their new circumstances by becoming tradesmen and teachers. But the ronin only seem to accept their fate. They are in fact making careful plans for revenge, biding their time until the moment to strike is right! Their deeds became Japan's most celebrated example of bravery, cunning, and loyalty in an age when samurai were heroes, and honor was worth dying for. John Allyn's masterful retelling of 47 Ronin has long been considered the definitive version of these dramatic historical events.
651 #0 - SUBJECT ADDED ENTRY--GEOGRAPHIC NAME
Geographic name Japan
General subdivision History
Chronological subdivision Akō Vendetta, 1703
Form subdivision Fiction.
9 (RLIN) 5885891
650 #0 - SUBJECT ADDED ENTRY--TOPICAL TERM
Topical term or geographic name as entry element Forty-seven Rōnin
Form subdivision Fiction.
9 (RLIN) 5885892
655 #7 - INDEX TERM--GENRE/FORM
Genre/form data or focus term Audiobooks.
Source of term lcgft
9 (RLIN) 5885893
700 1# - ADDED ENTRY--PERSONAL NAME
Personal name Turnbull, Stephen R.
Relator code aui
9 (RLIN) 15129
700 1# - ADDED ENTRY--PERSONAL NAME
Personal name Shih, David.
Relator code nrt
9 (RLIN) 5852903
710 2# - ADDED ENTRY--CORPORATE NAME
Corporate name or jurisdiction name as entry element HighBridge Audio (Firm)
9 (RLIN) 65511
710 2# - ADDED ENTRY--CORPORATE NAME
Corporate name or jurisdiction name as entry element Recorded Books, LLC.
9 (RLIN) 5674251
938 ## -
-- Recorded Books
-- RECB
-- rdd90010016
942 ## - ADDED ENTRY ELEMENTS (KOHA)
Koha item type CD
948 ## - LOCAL PROCESSING INFORMATION (OCLC); SERIES PART DESIGNATOR (RLIN)
Series part designator, SPT (RLIN) 01/29/2014
z (OCLC) Sirsi
994 ## -
-- 02
-- WACOL
996 ## -
-- 106762
-- 34301001633108
-- CD
-- CD
-- wcl
-- i
-- 19
-- 29.95
-- .CIRCNOTE. 6 discs
-- micro
-- All
-- 01/29/2014
-- 09/21/2019
-- 08/31/2019
Holdings
Withdrawn status Lost status Source of classification or shelving scheme Materials specified (bound volume or other part) Damaged status Not for loan Collection code Home library Current library Shelving location Date acquired Cost, normal purchase price Total Checkouts Total Renewals Full call number Barcode Date last seen Date checked out Cost, replacement price Price effective from Koha item type
    Dewey Decimal Classification .CIRCNOTE. 6 discs     Audiobooks Wasatch County Library Wasatch County Library Second Floor 01/29/2014 29.95 20 1 CD Allyn 34301001633108 03/07/2024 11/13/2021 29.95 03/20/2020 Audiobook on CD
This project was made possible through a grant from the Institute of Museum and Library Service administered by the Utah State Library Division.

Wasatch County Library

  • 465 East 1200 South, Heber City, Utah 84032
  • Phone 435-654-1511 | Fax 435-654-6456

Hours

  • Monday - Friday 9:30 AM - 8:00 PM
  • Saturday 9:30 AM - 1:30 PM
  • Closed Sundays and Holidays